000 00623nam a22001817a 4500
005 20171103153648.0
010 _aENG-121216
020 _a9788131252604
_c1845.00
035 _aEN-104748
037 _bDBAD/PUB
082 _a343.59570552
100 _aGupta, Atul Kumar
245 _aGoods and services tax :
_cby S.N.Pandey [and] S.P. Misra
_blaw, practice and procedures /
260 _aGurgaon
_bLexisNexis
_c2017
270 _a14th Floor, Building No.10, Tower-B, DLF Cyber City, Phase-II
_bGurgaon
_e122002
300 _aVarious Pagings :
_c25cm(pbk)
_bill.
942 _2ddc
_cEN
_h343.59570552
_mGUP
999 _c147154
_d147154